Loading...
| Literature - American Literature | 0 | 7 | 0 | 0 | 70 | 53 | 64.14 | 2 | 6 |
| Fine Arts - Painting and Sculpture | 0 | 6 | 0 | 0 | 60 | 59 | 82.83 | 1 | 4 |
| Literature - European Literature | 0 | 6 | 0 | 0 | 60 | 46 | 76.50 | 1 | 4 |
| Literature - British Literature | 0 | 6 | 0 | 0 | 60 | 49 | 71.83 | 2 | 6 |
| Social Science | 0 | 5 | 0 | 0 | 50 | 72 | 89.20 | 1 | 3 |
| Literature - World Literature | 0 | 6 | 2 | 0 | 50 | 64 | 84.83 | 0 | 5 |
| Mythology | 0 | 5 | 1 | 0 | 45 | 15 | 41.40 | 3 | 4 |
| Philosophy | 0 | 3 | 0 | 1 | 30 | 56 | 95.00 | 1 | 2 |
| Science - Chemistry | 0 | 2 | 0 | 0 | 20 | 70 | 81.00 | 0 | 1 |
| History - World History | 0 | 1 | 0 | 0 | 10 | 48 | 48.00 | 1 | 1 |
| History - European History | 0 | 1 | 0 | 0 | 10 | 115 | 115.00 | 0 | 0 |
| History - American History | 0 | 1 | 0 | 0 | 10 | 107 | 107.00 | 0 | 0 |
| Science - Other Science | 0 | 1 | 0 | 0 | 10 | 103 | 103.00 | 0 | 0 |
| Fine Arts - Other Fine Arts | 0 | 0 | 1 | 0 | -5 | 0.00 | 0 | 0 | |
| History - Other History | 0 | 0 | 1 | 0 | -5 | 0.00 | 0 | 0 | |
| Science - Biology | 0 | 0 | 1 | 0 | -5 | 0.00 | 0 | 0 | |
| Science - Physics | 0 | 0 | 2 | 0 | -10 | 0.00 | 0 | 0 |